| 000 | 01200nam a2200325Ia 4500 | ||
|---|---|---|---|
| 001 | ebr10196634 | ||
| 003 | CaPaEBR | ||
| 006 | m u | ||
| 007 | cr cn||||||||| | ||
| 008 | 050624s2006 enk sb 001 0 eng d | ||
| 020 | _z9781408101810 | ||
| 020 | _z0713675233 (pbk.) : | ||
| 020 | _z9780713675238 (pbk.) : | ||
| 040 |
_aCaPaEBR _cCaPaEBR |
||
| 035 | _a(OCoLC)236338945 | ||
| 050 | 1 | 4 |
_aHF5734.5 _b.M36 2006eb |
| 082 | 0 | 4 |
_a658.456 _222 |
| 245 | 0 | 0 |
_aManage meetings positively _h[electronic resource] : _bhow to take charge and come up with results. |
| 260 |
_aLondon : _bA. & C. Black, _c2006. |
||
| 300 | _avi, 88 p. | ||
| 490 | 1 | _aSteps to success | |
| 504 | _aIncludes bibliographical references and index. | ||
| 533 |
_aElectronic reproduction. _bPalo Alto, Calif. : _cebrary, _d2009. _nAvailable via World Wide Web. _nAccess may be limited to ebrary affiliated libraries. |
||
| 650 | 0 | _aBusiness meetings. | |
| 650 | 0 | _aMeetings. | |
| 655 | 7 |
_aElectronic books. _2local |
|
| 710 | 2 | _aebrary, Inc. | |
| 830 | 0 | _aSteps to success. | |
| 856 | 4 | 0 |
_uhttp://site.ebrary.com/lib/rucke/Doc?id=10196634 _zAn electronic book accessible through the World Wide Web; click to view |
| 999 |
_c115625 _d115625 |
||